Biochemistry (Record no. 330192)

000 -LEADER
fixed length control field 00751 a2200181 4500
003 - CONTROL NUMBER IDENTIFIER
control field NUST
005 - DATE AND TIME OF LATEST TRANSACTION
control field 20170613115240.0
008 - FIXED-LENGTH DATA ELEMENTS--GENERAL INFORMATION
fixed length control field 170613b xxu||||| |||| 00| 0 eng d
040 ## - CATALOGING SOURCE
Original cataloging agency DLC
Language of cataloging DLC
Transcribing agency 0
082 ## - DEWEY DECIMAL CLASSIFICATION NUMBER
Classification number 572 ZUB
100 ## - MAIN ENTRY--PERSONAL NAME
Personal name Zubay, Geoffrey.
9 (RLIN) 2537
245 ## - TITLE STATEMENT
Title Biochemistry
Statement of responsibility, etc. Geoffrey Zubay
250 ## - EDITION STATEMENT
Edition statement 2nd ed.
260 ## - PUBLICATION, DISTRIBUTION, ETC.
Place of publication, distribution, etc. Islamabad:
Name of publisher, distributor, etc. National Book Foundation,
Date of publication, distribution, etc. 1988.
300 ## - PHYSICAL DESCRIPTION
Extent xxix, 1266 p. :
Other physical details ill. ;
Dimensions 29 cm.
500 ## - GENERAL NOTE
General note Includes bibliographical references and index
501 ## - WITH NOTE
With note H.B
650 ## - SUBJECT ADDED ENTRY--TOPICAL TERM
Topical term or geographic name entry element Biochemistry.
9 (RLIN) 2455
942 ## - ADDED ENTRY ELEMENTS (KOHA)
Koha item type Book
Call number prefix IESE
Source of classification or shelving scheme
Holdings
Withdrawn status Lost status Source of classification or shelving scheme Damaged status Not for loan Collection code Permanent Location Current Location Shelving location Date acquired Total Checkouts Full call number Barcode Date last seen Price effective from Koha item type
            Institute of Environmental Science and Engineering (IESE) Institute of Environmental Science and Engineering (IESE) General Stacks 06/13/2017   572 ZUB IESE-1589 06/13/2017 06/13/2017 Book
            Institute of Environmental Science and Engineering (IESE) Institute of Environmental Science and Engineering (IESE) General Stacks 06/13/2017   572 ZUB IESE-1588 06/13/2017 06/13/2017 Book
© 2023 Central Library, National University of Sciences and Technology. All Rights Reserved.